[Event "Bayern-chI Bank Hofmann 23rd"]
[Site "Tegernsee"]
[Date "2019.10.28"]
[Round "3"]
[White "Ludvik, Tomas"]
[Black "Bopp, Thomas"]
[Result "1/2-1/2"]
[WhiteElo "2305"]
[BlackElo "2156"]
[PlyCount "101"]
[EventDate "2019.10.26"]
[EventType "swiss"]
[EventRounds "9"]
[EventCountry "GER"]
[SourceTitle "CBM 192 Extra"]
[Source "Chessbase"]
[SourceDate "2019.11.06"]
[SourceVersion "1"]
[SourceVersionDate "2019.11.06"]
[SourceQuality "1"]

1. d4 c5 2. d5 g6 3. e4 Bg7 4. Nf3 d6 5. Nc3 Nf6 6. Be2 0-0 7. 0-0 Bg4 8. h3 Bxf3 9. Bxf3 Na6 10. Re1 Nd7 11. Be2 Nc7 12. a4 Rb8 13. Bf1 b6 14. Nb5 Ra8 15. c3 a6 16. Nxc7 Qxc7 17. Bg5 Rfc8 18. f4 c4 19. Bxe7 f6 20. e5 fxe5 21. Qg4 Nc5 22. Bg5 b5 23. fxe5 Bxe5 24. Rad1 Re8 25. axb5 axb5 26. Bf4 Bxf4 27. Qxf4 Rxe1 28. Rxe1 Rf8 29. Qh4 Qf7 30. Be2 Qf4 31. Qxf4 Rxf4 32. Bf3 Kf8 33. Re2 h5 34. Kf2 Rf7 35. Kg3 Re7 36. Rf2 Nd3 37. Rf1 Re3 38. Rb1 Ke7 39. b3 Nc5 40. bxc4 bxc4 41. Rc1 g5 42. Kf2 Re5 43. Be2 Re4 44. Ra1 h4 45. Ra7+ Kf6 46. Rc7 Nd3+ 47. Kf3 Rf4+ 48. Ke3 Ne5 49. Rc8 Kf7 50. Rc7+ Kf6 51. Rc8 1/2-1/2

[Event "Gibraltar Masters 17th"]
[Site "Caleta"]
[Date "2019.01.31"]
[Round "10"]
[White "Sahajasri, Cholleti"]
[Black "Bopp, Thomas"]
[Result "1-0"]
[WhiteElo "2122"]
[BlackElo "2171"]
[PlyCount "81"]
[EventDate "2019.01.22"]
[EventType "swiss"]
[EventRounds "10"]
[EventCountry "GGB"]
[SourceTitle "CBM 188 Extra"]
[Source "ChessBase"]
[SourceDate "2019.02.26"]
[SourceVersion "1"]
[SourceVersionDate "2019.02.26"]
[SourceQuality "1"]

1. d4 d5 2. Nf3 Nf6 3. c4 e6 4. g3 Bb4+ 5. Bd2 Be7 6. Bg2 0-0 7. 0-0 Nbd7 8. Qc2 c6 9. Bf4 b6 10. Rd1 Ba6 11. cxd5 cxd5 12. Nc3 Rc8 13. Qa4 Bc4 14. b3 b5 15. Nxb5 Nb6 16. Qa5 Bxe2 17. Nxa7 Ra8 18. Rdc1 Nbd7 19. Qxd8 Bxd8 20. Nc6 Bb6 21. a4 h6 22. a5 Ba7 23. Bd6 Rfe8 24. Nfe5 Bb5 25. Nxa7 Rxa7 26. Bf1 Bxf1 27. Kxf1 Ne4 28. Bb4 Nxe5 29. dxe5 Rb8 30. Ra4 Rab7 31. a6 Rb6 32. a7 Ra8 33. f3 Ng5 34. Ke2 f6 35. exf6 gxf6 36. Rc7 Nf7 37. h4 h5 38. Bc5 Rxb3 39. Rb4 Rxb4 40. Bxb4 Nd8 41. Be7 1-0

[Event "Gibraltar Masters 17th"]
[Site "Caleta"]
[Date "2019.01.29"]
[Round "8"]
[White "Povah, Nigel Edward"]
[Black "Bopp, Thomas"]
[Result "1-0"]
[WhiteElo "2329"]
[BlackElo "2171"]
[PlyCount "43"]
[EventDate "2019.01.22"]
[EventType "swiss"]
[EventRounds "10"]
[EventCountry "GGB"]
[SourceTitle "CBM 188 Extra"]
[Source "ChessBase"]
[SourceDate "2019.02.26"]
[SourceVersion "1"]
[SourceVersionDate "2019.02.26"]
[SourceQuality "1"]

1. d4 d5 2. Bf4 c5 3. e3 Nc6 4. c3 Nf6 5. Nd2 Bf5 6. Ngf3 e6 7. Qb3 Qc8 8. c4 Be7 9. Rc1 0-0 10. dxc5 Rd8 11. Nd4 Bxc5 12. Nxf5 exf5 13. cxd5 Bb4 14. Bc4 Ne4 15. dxc6 Bxd2+ 16. Ke2 bxc6 17. Bxf7+ Kh8 18. Rc2 Qa6+ 19. Qc4 Qa5 20. a3 Nd6 21. Bxd6 Rxd6 22. Rd1 1-0

[Event "Gibraltar Masters 17th"]
[Site "Caleta"]
[Date "2019.01.28"]
[Round "7"]
[White "Bopp, Thomas"]
[Black "Semprun Martinez, Fernando M"]
[Result "1-0"]
[WhiteElo "2171"]
[BlackElo "2076"]
[PlyCount "72"]
[EventDate "2019.01.22"]
[EventType "swiss"]
[EventRounds "10"]
[EventCountry "GGB"]
[SourceTitle "CBM 188 Extra"]
[Source "ChessBase"]
[SourceDate "2019.02.26"]
[SourceVersion "1"]
[SourceVersionDate "2019.02.26"]
[SourceQuality "1"]

1. d4 Nf6 2. g3 g6 3. Bg2 d5 4. Nf3 Bg7 5. 0-0 0-0 6. c4 c6 7. Qb3 dxc4 8. Qxc4 Nbd7 9. Qc2 Re8 10. Rd1 Qb6 11. Nc3 e5 12. Na4 Qb5 13. h3 exd4 14. Nxd4 Qh5 15. g4 Qe5 16. f4 Qe7 17. Bf3 Ne4 18. Kg2 Ndf6 19. a3 Nd5 20. e3 Bd7 21. Bxe4 Qxe4+ 22. Qxe4 Rxe4 23. Nc5 Re7 24. Kf3 Be8 25. e4 Nc7 26. b4 Nb5 27. Bb2 Nd6 28. e5 Nc4 29. Bc3 Rd8 30. Nf5 Rxd1 31. Nxe7+ Kf8 32. Nxg6+ hxg6 33. Rxd1 b6 34. Ne4 Nxa3 35. Nd6 Nb5 36. Nxb5 cxb5 1-0

[Event "Gibraltar Masters 17th"]
[Site "Caleta"]
[Date "2019.01.27"]
[Round "6"]
[White "Belenkaya, Dina"]
[Black "Bopp, Thomas"]
[Result "1-0"]
[WhiteElo "2357"]
[BlackElo "2171"]
[PlyCount "43"]
[EventDate "2019.01.22"]
[EventType "swiss"]
[EventRounds "10"]
[EventCountry "GGB"]
[SourceTitle "CBM 188 Extra"]
[Source "ChessBase"]
[SourceDate "2019.02.26"]
[SourceVersion "1"]
[SourceVersionDate "2019.02.26"]
[SourceQuality "1"]

1. e4 c6 2. d4 d5 3. exd5 cxd5 4. Bd3 Nc6 5. c3 Nf6 6. Bf4 g6 7. Nf3 Bf5 8. Bxf5 gxf5 9. 0-0 e6 10. Qb3 Qd7 11. Re1 Rg8 12. a4 Nh5 13. Bg5 f6 14. Bd2 Bd6 15. c4 0-0-0 16. cxd5 Qg7 17. Nh4 exd5 18. Qf3 Qf7 19. Nxf5 Rg6 20. Nc3 Bb8 21. Rac1 Ng7 22. Ne7+ 1-0

[Event "Gibraltar Masters 17th"]
[Site "Caleta"]
[Date "2019.01.23"]
[Round "2"]
[White "Galinsky, Timofey"]
[Black "Bopp, Thomas"]
[Result "1-0"]
[WhiteElo "2365"]
[BlackElo "2171"]
[PlyCount "97"]
[EventDate "2019.01.22"]
[EventType "swiss"]
[EventRounds "10"]
[EventCountry "GGB"]
[SourceTitle "CBM 188 Extra"]
[Source "ChessBase"]
[SourceDate "2019.02.26"]
[SourceVersion "1"]
[SourceVersionDate "2019.02.26"]
[SourceQuality "1"]

1. d4 d5 2. Nf3 Nf6 3. Bf4 c5 4. c3 cxd4 5. cxd4 Nc6 6. Nc3 e6 7. e3 Bd6 8. Bb5 0-0 9. 0-0 Nh5 10. Bxd6 Qxd6 11. Bxc6 bxc6 12. Na4 Nf6 13. Nc5 Ne4 14. Rc1 Nxc5 15. Rxc5 f6 16. Qa4 Bd7 17. Nd2 e5 18. Nb3 exd4 19. Qxd4 Rfe8 20. Ra5 Qe5 21. Rc1 Qg5 22. Kf1 Qh5 23. h3 Qe5 24. Kg1 Qg5 25. Kh2 Qe5+ 26. Kh1 Qf5 27. Rxa7 c5 28. Qxc5 Rac8 29. Rc7 Rxc7 30. Qxc7 Rc8 31. Qd6 Rxc1+ 32. Nxc1 d4 33. Qxd4 Be6 34. e4 Qa5 35. b4 Qa3 36. Qd2 Kf7 37. Kh2 g5 38. Nb3 Kg6 39. Qd6 Kf7 40. Nd4 Bxa2 41. Qd7+ Kg6 42. Nf5 Bf7 43. Nd6 Ba2 44. Qf5+ Kg7 45. Ne8+ Kf7 46. Nxf6 Be6 47. Qxg5 Qxb4 48. e5 Qd4 49. Qg8+ 1-0

[Event "Douglas IoM op"]
[Site "Douglas"]
[Date "2018.10.28"]
[Round "9"]
[White "Bopp, Thomas"]
[Black "Trent, Lawrence"]
[Result "0-1"]
[WhiteElo "2160"]
[BlackElo "2391"]
[PlyCount "74"]
[EventDate "2018.10.20"]
[EventType "swiss"]
[EventRounds "9"]
[EventCountry "ENG"]
[SourceTitle "CBM 187"]
[Source "ChessBase"]
[SourceDate "2018.12.11"]
[SourceVersion "1"]
[SourceVersionDate "2018.12.11"]
[SourceQuality "1"]

1. d4 g6 2. e4 Nf6 3. Nc3 d5 4. e5 Ne4 5. Be3 Nxc3 6. bxc3 c5 7. Bb5+ Nc6 8. Ne2 Bg7 9. 0-0 0-0 10. Bxc6 bxc6 11. Ng3 Qa5 12. Bd2 Qa4 13. Bg5 f6 14. exf6 exf6 15. Bf4 Re8 16. Qd2 Ba6 17. Rfe1 cxd4 18. cxd4 Qa3 19. c3 Kf7 20. h4 Rxe1+ 21. Rxe1 Re8 22. Rb1 Bf8 23. Rb8 Bc4 24. Rb7+ Re7 25. Qb2 Qxb2 26. Rxb2 Re1+ 27. Kh2 Ba3 28. Rb8 Re8 29. Rb7+ Re7 30. Rb8 Bxa2 31. Bh6 Bd6 32. Rf8+ Ke6 33. f4 Bc4 34. Kh3 c5 35. Kg4 cxd4 36. f5+ gxf5+ 37. Nxf5 Be2+ 0-1

[Event "Douglas IoM op"]
[Site "Douglas"]
[Date "2018.10.26"]
[Round "7"]
[White "Jonsson, Gauti Pall"]
[Black "Bopp, Thomas"]
[Result "0-1"]
[WhiteElo "2073"]
[BlackElo "2160"]
[PlyCount "62"]
[EventDate "2018.10.20"]
[EventType "swiss"]
[EventRounds "9"]
[EventCountry "ENG"]
[SourceTitle "CBM 187"]
[Source "ChessBase"]
[SourceDate "2018.12.11"]
[SourceVersion "1"]
[SourceVersionDate "2018.12.11"]
[SourceQuality "1"]

1. e4 c6 2. Nf3 d5 3. exd5 cxd5 4. Ne5 Nc6 5. Bb5 Bd7 6. Nxd7 Qxd7 7. d4 a6 8. Be2 Qc7 9. c3 e6 10. 0-0 Nf6 11. Nd2 Bd6 12. Nf3 0-0 13. h3 b5 14. Be3 Na5 15. Bd3 Nc4 16. Qe2 Rfc8 17. Rfc1 h6 18. a4 Rab8 19. axb5 axb5 20. Ra2 Nxe3 21. fxe3 b4 22. c4 dxc4 23. Rxc4 Qb7 24. Rxc8+ Rxc8 25. Nd2 Rc1+ 26. Kf2 Qd5 27. Ra6 g6 28. Qf3 Be7 29. Ne4 Nxe4+ 30. Bxe4 Qc4 31. Qe2 Bh4+ 0-1

[Event "Douglas IoM op"]
[Site "Douglas"]
[Date "2018.10.20"]
[Round "1"]
[White "Khmelniker, Ilya"]
[Black "Bopp, Thomas"]
[Result "1-0"]
[WhiteElo "2492"]
[BlackElo "2160"]
[PlyCount "65"]
[EventDate "2018.10.20"]
[EventType "swiss"]
[EventRounds "9"]
[EventCountry "ENG"]
[SourceTitle "CBM 187"]
[Source "ChessBase"]
[SourceDate "2018.12.11"]
[SourceVersion "1"]
[SourceVersionDate "2018.12.11"]
[SourceQuality "1"]

1. c4 e6 2. Nf3 Nf6 3. g3 d5 4. b3 Be7 5. Bg2 0-0 6. 0-0 c5 7. Bb2 Nc6 8. e3 dxc4 9. bxc4 Qd3 10. Qb3 Rd8 11. Qxd3 Rxd3 12. Rc1 Rd8 13. Ne5 Nxe5 14. Bxe5 Ng4 15. Bc3 Bf6 16. h3 Ne5 17. Na3 Nd3 18. Bxf6 gxf6 19. Rcb1 Nb4 20. d4 a5 21. dxc5 Rb8 22. Nb5 Bd7 23. a3 Na6 24. Nd6 Bc6 25. Bxc6 bxc6 26. Nb7 Rd3 27. Rb6 a4 28. Na5 Ra8 29. Rxc6 Kg7 30. Nb7 Ra7 31. Rb6 Rc3 32. Nd6 Nxc5 33. Nb5 1-0

[Event "Gibraltar Masters 16th"]
[Site "Caleta"]
[Date "2018.01.23"]
[Round "1"]
[White "Antal, Gergely"]
[Black "Bopp, Thomas"]
[Result "1-0"]
[WhiteElo "2522"]
[BlackElo "2154"]
[PlyCount "67"]
[EventDate "2018.01.23"]
[EventType "swiss"]
[EventRounds "10"]
[EventCountry "GGB"]
[SourceTitle "CBM 183"]
[Source "ChessBase"]
[SourceDate "2018.03.14"]
[SourceVersion "1"]
[SourceVersionDate "2018.03.14"]
[SourceQuality "1"]

1. e4 c6 2. d4 d5 3. e5 Bf5 4. h4 h5 5. Bd3 Bxd3 6. Qxd3 e6 7. Bg5 Be7 8. Nf3 Qa5+ 9. Nbd2 Qa6 10. c4 Nd7 11. b3 Nh6 12. Bxe7 Kxe7 13. Qc3 Qb6 14. 0-0 Nf5 15. Rfc1 Rhc8 16. Nf1 Ke8 17. cxd5 cxd5 18. Qxc8+ Rxc8 19. Rxc8+ Ke7 20. Rd1 f6 21. exf6+ Nxf6 22. Rd3 Ng4 23. Rh8 Qa6 24. Rd2 Nf6 25. Rc8 Qb6 26. Rd3 Ng4 27. Rc2 g6 28. Re2 Kf6 29. Ng5 Nxd4 30. Rxd4 Qxd4 31. Rxe6+ Kg7 32. Re7+ Kf8 33. Ne6+ Kxe7 34. Nxd4 1-0

[Event "Bayern-chI Bank Hofmann 21st"]
[Site "Tegernsee"]
[Date "2017.11.04"]
[Round "8"]
[White "Bopp, Thomas"]
[Black "Promyshlyanskiy, Vitaliy"]
[Result "0-1"]
[WhiteElo "2153"]
[BlackElo "2303"]
[PlyCount "53"]
[EventDate "2017.10.28"]
[EventType "swiss"]
[EventRounds "9"]
[EventCountry "GER"]
[SourceTitle "CBM 181 Extra"]
[Source "ChessBase"]
[SourceDate "2017.12.12"]
[SourceVersion "1"]
[SourceVersionDate "2017.12.12"]
[SourceQuality "1"]

1. d4 d6 2. Nc3 g6 3. Bf4 Bg7 4. Qd2 Nd7 5. Nf3 a6 6. e4 b5 7. e5 Bb7 8. Be2 Nb6 9. Rd1 e6 10. 0-0 Ne7 11. Bh6 0-0 12. Bxg7 Kxg7 13. Qf4 Ned5 14. Nxd5 Nxd5 15. Qg3 Nb6 16. Ng5 Na4 17. h4 Nxb2 18. Rb1 Na4 19. Nh3 Qe7 20. Nf4 dxe5 21. dxe5 Kh8 22. h5 gxh5 23. Bxh5 Rg8 24. Qe3 Nb6 25. Be2 Qg5 26. f3 Nd5 27. Nxd5 0-1

[Event "Gibraltar Masters 15th"]
[Site "Caleta"]
[Date "2017.01.26"]
[Round "3"]
[White "Ladron de Guevara Pinto, Paolo"]
[Black "Bopp, Thomas"]
[Result "1-0"]
[WhiteElo "2386"]
[BlackElo "2157"]
[PlyCount "49"]
[EventDate "2017.01.24"]
[EventType "swiss"]
[EventRounds "10"]
[EventCountry "GGB"]
[SourceTitle "CBM 177"]
[Source "ChessBase"]
[SourceDate "2017.03.16"]
[SourceVersion "1"]
[SourceVersionDate "2017.03.16"]
[SourceQuality "1"]

1. e4 c6 2. d4 d5 3. e5 Bf5 4. h4 h5 5. Bd3 Bxd3 6. Qxd3 Qa5+ 7. Bd2 Qa6 8. e6 Qxd3 9. exf7+ Kxf7 10. cxd3 Nh6 11. Nf3 Nf5 12. Nc3 Nd7 13. 0-0-0 g6 14. Rde1 Bg7 15. Ng5+ Kg8 16. Ne2 Bf6 17. g3 Rc8 18. Kb1 Kg7 19. Bc3 Bxg5 20. hxg5 Kf7 21. Nf4 Rce8 22. Re2 Nxd4 23. Bxd4 e5 24. Rhe1 exd4 25. Nxg6 1-0

[Event "Bayern-chI Bank Hofmann 20th"]
[Site "Bad Wiessee"]
[Date "2016.11.01"]
[Round "4"]
[White "Bopp, Thomas"]
[Black "Zhigalko, Sergei"]
[Result "0-1"]
[WhiteElo "2164"]
[BlackElo "2669"]
[PlyCount "106"]
[EventDate "2016.10.29"]
[EventType "swiss"]
[EventRounds "9"]
[EventCountry "GER"]
[SourceTitle "CBM 175 Extra"]
[Source "ChessBase"]
[SourceDate "2016.12.12"]
[SourceVersion "1"]
[SourceVersionDate "2016.12.12"]
[SourceQuality "1"]

1. Nf3 Nf6 2. c4 e6 3. g3 a6 4. Nc3 d5 5. d4 dxc4 6. Bg2 b5 7. Ne5 Ra7 8. Bc6+ Bd7 9. Bg2 Bb4 10. 0-0 0-0 11. Be3 Bxc3 12. bxc3 Nd5 13. Bd2 Nc6 14. Nxd7 Qxd7 15. e4 Nb6 16. Be3 Raa8 17. f4 Rae8 18. f5 exf5 19. Rxf5 Ne7 20. Rh5 f5 21. d5 Nexd5 22. Bc5 Ne7 23. Qf3 Qd3 24. exf5 Qxf3 25. Bxf3 Na4 26. Bb4 c5 27. Ba5 g6 28. fxg6 hxg6 29. Bd5+ Kg7 30. Re5 Nxd5 31. Rxd5 Re2 32. Bc7 Rfe8 33. Bd8 Re1+ 34. Rxe1 Rxe1+ 35. Kf2 Ra1 36. Rd7+ Kf8 37. Bf6 Rxa2+ 38. Kf3 b4 39. cxb4 cxb4 40. Rc7 a5 41. Rxc4 Rxh2 42. Bd8 Rh5 43. Bxa5 Rxa5 44. Rxb4 Nc5 45. Rb6 Kg7 46. Rc6 Nd3 47. Re6 Rf5+ 48. Ke3 Nf2 49. Ra6 Kh6 50. Ra4 Kg5 51. Rf4 Ng4+ 52. Ke4 Nf6+ 53. Kf3 Rxf4+ 0-1

[Event "Reykjavik op"]
[Site "Reykjavik"]
[Date "2016.03.15"]
[Round "9"]
[White "Probst, Alexander"]
[Black "Bopp, Thomas"]
[Result "0-1"]
[WhiteElo "2006"]
[BlackElo "2166"]
[PlyCount "46"]
[EventDate "2016.03.08"]
[EventType "swiss"]
[EventRounds "10"]
[EventCountry "ISL"]
[SourceTitle "CBM 171 Extra"]
[Source "ChessBase"]
[SourceDate "2016.04.26"]
[SourceVersion "1"]
[SourceVersionDate "2016.04.26"]
[SourceQuality "1"]

1. e4 c5 2. Nf3 e6 3. d4 cxd4 4. Nxd4 Nc6 5. Nb5 d6 6. Bf4 e5 7. Be3 Nf6 8. N5c3 Be6 9. Be2 Be7 10. 0-0 0-0 11. Nd2 Rc8 12. Bc4 Nd4 13. Bxe6 fxe6 14. Nf3 Nxf3+ 15. Qxf3 d5 16. exd5 exd5 17. Bg5 d4 18. Ne4 Nxe4 19. Bxe7 Rxf3 20. Bxd8 Rf4 21. g3 Rf5 22. Rfe1 Nd2 23. Re2 Nf3+ 0-1

[Event "Reykjavik op"]
[Site "Reykjavik"]
[Date "2016.03.12"]
[Round "6"]
[White "Bopp, Thomas"]
[Black "Mihajlov, Sebastian"]
[Result "1-0"]
[WhiteElo "2166"]
[BlackElo "2387"]
[PlyCount "129"]
[EventDate "2016.03.08"]
[EventType "swiss"]
[EventRounds "10"]
[EventCountry "ISL"]
[SourceTitle "CBM 171 Extra"]
[Source "ChessBase"]
[SourceDate "2016.04.26"]
[SourceVersion "1"]
[SourceVersionDate "2016.04.26"]
[SourceQuality "1"]

1. Nf3 Nf6 2. c4 g6 3. Nc3 Bg7 4. e4 d6 5. d4 0-0 6. Be2 e5 7. dxe5 dxe5 8. Qxd8 Rxd8 9. Nd5 Nxd5 10. cxd5 c6 11. Bc4 b5 12. Bb3 Bb7 13. Bg5 Rd7 14. 0-0-0 cxd5 15. exd5 Na6 16. a3 Nc5 17. Ba2 e4 18. Ne1 Na4 19. Rd2 Nb6 20. Nc2 Bxd5 21. Rhd1 Bxa2 22. Rxd7 Nxd7 23. Rxd7 Rc8 24. Kd2 Bxb2 25. Rxa7 Bb1 26. Ne3 Kg7 27. Be7 Bd3 28. g4 Bc3+ 29. Kd1 Be5 30. g5 Bd4 31. Rd7 Bc5 32. Bf6+ Kf8 33. Bb2 Be7 34. h4 Rd8 35. Rxe7 Kxe7 36. Bf6+ Kd7 37. Bxd8 Kxd8 38. Kd2 Ke7 39. Kc3 Ke6 40. Kd4 Bb1 41. Nd1 Kf5 42. Nc3 Bc2 43. Nxb5 Kg4 44. Ke3 Kxh4 45. Kf4 Kh5 46. Nd6 h6 47. Nxf7 hxg5+ 48. Nxg5 Kh4 49. Nxe4 Kh3 50. Nc3 Kg2 51. Ke3 g5 52. a4 Bb3 53. a5 Bc4 54. Ne4 g4 55. Kf4 Bd3 56. Kxg4 Bxe4 57. f4 Kf2 58. f5 Ke3 59. f6 Bd5 60. Kf5 Kd4 61. a6 Kc5 62. a7 Kd6 63. Kg6 Kc7 64. a8Q Bxa8 65. f7 1-0

[Event "Reykjavik op"]
[Site "Reykjavik"]
[Date "2016.03.11"]
[Round "5"]
[White "Weyer, Hans Juergen"]
[Black "Bopp, Thomas"]
[Result "0-1"]
[WhiteElo "1967"]
[BlackElo "2166"]
[PlyCount "76"]
[EventDate "2016.03.08"]
[EventType "swiss"]
[EventRounds "10"]
[EventCountry "ISL"]
[SourceTitle "CBM 171 Extra"]
[Source "ChessBase"]
[SourceDate "2016.04.26"]
[SourceVersion "1"]
[SourceVersionDate "2016.04.26"]
[SourceQuality "1"]

1. e4 c5 2. Nf3 e6 3. d4 cxd4 4. Nxd4 Nc6 5. Nc3 Qc7 6. g3 a6 7. Bg2 Nf6 8. 0-0 h5 9. h3 Bc5 10. Nb3 Ba7 11. Bf4 Ne5 12. Nd4 b5 13. Nf3 d6 14. Qe2 Bb7 15. Bxe5 dxe5 16. a3 0-0 17. Rad1 Rfd8 18. Rfe1 Bb6 19. Rxd8+ Rxd8 20. Nd2 Ba5 21. Ndb1 Rd4 22. Rd1 Qd7 23. Rd3 g6 24. Qe3 Kg7 25. Ne2 Rd6 26. Rxd6 Qxd6 27. Nbc3 Bb6 28. Qd3 Qc5 29. Nd1 a5 30. c3 Qc6 31. b3 Nxe4 32. Kh2 f5 33. f4 h4 34. gxh4 exf4 35. Nd4 Qd5 36. Qxb5 Bxd4 37. Qxd5 Bxd5 38. cxd4 Bxb3 0-1

[Event "Schwarzach op-A 19th"]
[Site "Salzburg"]
[Date "2004.08.28"]
[Round "8"]
[White "Eisenbeiser, Amadeus"]
[Black "Bopp, Thomas"]
[Result "1-0"]
[WhiteElo "2304"]
[BlackElo "2181"]
[PlyCount "49"]
[EventDate "2004.08.21"]
[EventType "swiss"]
[EventRounds "9"]
[EventCountry "AUT"]
[SourceTitle "CBM 102 Extra"]
[Source "ChessBase"]
[SourceDate "2004.11.03"]
[SourceVersion "1"]
[SourceVersionDate "2004.11.03"]
[SourceQuality "1"]

1. e4 g6 2. d4 Bg7 3. Nf3 c5 4. dxc5 Qa5+ 5. c3 Qxc5 6. Na3 d6 7. Nb5 a6 8. Be3 Qc6 9. Na7 Qc7 10. Nxc8 Qxc8 11. Qb3 Nf6 12. e5 dxe5 13. Nxe5 0-0 14. Nxf7 Rxf7 15. Bc4 e6 16. Bxe6 Qc7 17. 0-0 Nc6 18. Bb6 Qe7 19. Rfe1 Raf8 20. Rad1 Nh5 21. Rd7 Qxd7 22. Bxd7 Kh8 23. Bxc6 bxc6 24. Bc5 Rd8 25. Qxf7 1-0

[Event "Schwarzach op-A 19th"]
[Site "Salzburg"]
[Date "2004.08.22"]
[Round "2"]
[White "Bopp, Thomas"]
[Black "Groetz, Harald"]
[Result "0-1"]
[WhiteElo "2181"]
[BlackElo "2355"]
[PlyCount "119"]
[EventDate "2004.08.21"]
[EventType "swiss"]
[EventRounds "9"]
[EventCountry "AUT"]
[SourceTitle "CBM 102 Extra"]
[Source "ChessBase"]
[SourceDate "2004.11.03"]
[SourceVersion "1"]
[SourceVersionDate "2004.11.03"]
[SourceQuality "1"]

1. e4 c5 2. Nf3 d6 3. Bb5+ Bd7 4. Bxd7+ Qxd7 5. c4 Nc6 6. Nc3 g6 7. d4 cxd4 8. Nxd4 Bg7 9. Nde2 Nf6 10. f3 0-0 11. 0-0 e6 12. Bg5 a6 13. a4 Qc7 14. Kh1 Nd7 15. Rb1 Rfe8 16. Qd2 Nc5 17. b3 Nb4 18. Rfd1 Nbd3 19. Bh4 Qb6 20. Rf1 Rac8 21. f4 Qc6 22. f5 Ne5 23. Rbd1 Ncd3 24. Qc2 Nc5 25. h3 Qb6 26. Rb1 Ncd3 27. Nf4 Qe3 28. Nxd3 Qxd3 29. Qxd3 Nxd3 30. f6 Bf8 31. Rbd1 Nc5 32. Rb1 Bh6 33. Rfd1 Bf4 34. b4 Nd7 35. Ne2 Be5 36. c5 Red8 37. cxd6 Rc4 38. Bg3 Rxe4 39. Bxe5 Rxe5 40. Nc3 Nxf6 41. b5 a5 42. b6 Nd7 43. Rd4 Rc8 44. Nb5 Rc6 45. Nc7 Rec5 46. Re1 Rc1 47. Rxc1 Rxc1+ 48. Kh2 Rc6 49. Nb5 Kf8 50. g4 h6 51. Kg3 Ke8 52. Nc7+ Kf8 53. Nb5 g5 54. h4 Kg7 55. hxg5 hxg5 56. Kf2 Kf6 57. Ke3 e5 58. Rd5 Nxb6 59. Ke4 Nd7 60. Na7 0-1

[Event "IECG WC.2008.P.00015 email"]
[Site "IECG email"]
[Date "2004.03.05"]
[Round "?"]
[White "Bopp, Thomas"]
[Black "Findlay, Michael A"]
[Result "1/2-1/2"]
[WhiteElo "2165"]
[BlackElo "1839"]
[PlyCount "92"]
[EventDate "2004.03.05"]
[EventType "tourn (corr)"]
[EventRounds "6"]
[SourceTitle "Corr 2008"]
[Source "ChessBase"]
[SourceDate "2008.06.24"]
[SourceVersion "1"]
[SourceVersionDate "2008.06.24"]
[SourceQuality "1"]

1. e4 c6 2. d4 d5 3. e5 Bf5 4. Nf3 e6 5. Be2 Nd7 6. 0-0 Ne7 7. Be3 Bg6 8. Nbd2 Nf5 9. Bg5 f6 10. exf6 gxf6 11. Bf4 Bg7 12. Bd3 0-0 13. Re1 Re8 14. Bxf5 Bxf5 15. Nh4 Bg6 16. Nxg6 hxg6 17. Be3 Kf7 18. c4 Rh8 19. Qf3 Rh5 20. h3 Qe7 21. Qg3 Nb6 22. b3 Rah8 23. Rac1 Nc8 24. Bf4 Qd7 25. Nf3 Ne7 26. Qg4 Nf5 27. Rcd1 Bf8 28. c5 Bh6 29. Bg3 Nxg3 30. Qxg3 Re8 31. b4 Qc8 32. Rd3 Rf5 33. Nh4 Rg5 34. Qh2 Rh5 35. Nf3 Rf5 36. g4 Rf4 37. Ra3 a6 38. Qg3 Re4 39. Rxe4 dxe4 40. g5 exf3 41. gxh6 Qd8 42. Rxf3 Rh8 43. Qh4 f5 44. Qf4 g5 45. Qe5 Rxh6 46. Re3 Qf6 1/2-1/2

[Event "Bayern-chI Bank Hofmann 7th"]
[Site "Bad Wiessee"]
[Date "2003.11.16"]
[Round "9"]
[White "Bopp, Thomas"]
[Black "Stern, Rene"]
[Result "0-1"]
[WhiteElo "2156"]
[BlackElo "2484"]
[PlyCount "79"]
[EventDate "2003.11.08"]
[EventType "swiss"]
[EventRounds "9"]
[EventCountry "GER"]
[SourceTitle "EXT 2004"]
[Source "ChessBase"]
[SourceDate "2003.11.25"]
[SourceVersion "1"]
[SourceVersionDate "2003.11.25"]
[SourceQuality "1"]

1. g3 d5 2. Bg2 e5 3. c4 dxc4 4. Qa4+ Nd7 5. Nf3 c6 6. Qxc4 Ngf6 7. 0-0 Bd6 8. d3 0-0 9. b3 Qe7 10. Nbd2 Re8 11. Ng5 Nb6 12. Qc2 Bc7 13. Bb2 Bg4 14. Rfe1 Rad8 15. Rac1 Nfd5 16. Nge4 f5 17. Nc5 Nb4 18. Qb1 Bd6 19. Na4 Nxa4 20. bxa4 Nd5 21. a3 Bc7 22. Nc4 e4 23. f3 exf3 24. exf3 Qc5+ 25. Ne3 Qb6 26. a5 Qb3 27. Nxd5 Rxe1+ 28. Rxe1 Bxa5 29. Re7 Rxd5 30. Rxg7+ Kf8 31. fxg4 Rxd3 32. Bf1 Bb6+ 33. Kg2 Qd5+ 34. Kh3 fxg4+ 35. Rxg4 Qh5+ 36. Rh4 Qf5+ 37. Rg4 Rxg3+ 38. hxg3 Qxb1 39. Rf4+ Ke8 40. Be5 0-1

[Event "IECG CP.2002.Q.00007 email"]
[Site "IECG email"]
[Date "2003.10.01"]
[Round "?"]
[White "Bopp, Thomas"]
[Black "Helbig, Andreas"]
[Result "1/2-1/2"]
[WhiteElo "2151"]
[BlackElo "2006"]
[PlyCount "59"]
[EventDate "2003.10.01"]
[EventType "tourn (corr)"]
[EventRounds "10"]
[SourceTitle "Corr 2008"]
[Source "ChessBase"]
[SourceDate "2008.06.24"]
[SourceVersion "1"]
[SourceVersionDate "2008.06.24"]
[SourceQuality "1"]

1. e4 c6 2. d4 d5 3. e5 Bf5 4. Nf3 e6 5. Nbd2 Nd7 6. Be2 h6 7. 0-0 Ne7 8. Re1 Qc7 9. c3 Nc8 10. Nf1 Be7 11. Qd2 0-0 12. Ng3 Bg6 13. Qf4 c5 14. Qg4 Re8 15. Nh4 Bxh4 16. Qxh4 Ne7 17. Be3 Rac8 18. Rec1 Qd8 19. b3 Nc6 20. Qg4 a6 21. h4 Kh8 22. Qf4 Qe7 23. h5 Bh7 24. Bd2 cxd4 25. cxd4 f6 26. exf6 Nxf6 27. a3 Ne4 28. Nxe4 Bxe4 29. Bc3 Rf8 30. Qg3 1/2-1/2

[Event "IECG CP.2002.Q.00007 email"]
[Site "IECG email"]
[Date "2003.10.01"]
[Round "?"]
[White "Bopp, Thomas"]
[Black "Mauro, Lucio"]
[Result "1/2-1/2"]
[WhiteElo "2151"]
[BlackElo "2302"]
[PlyCount "92"]
[EventDate "2003.10.01"]
[EventType "tourn (corr)"]
[EventRounds "10"]
[SourceTitle "Corr 2008"]
[Source "ChessBase"]
[SourceDate "2008.06.24"]
[SourceVersion "1"]
[SourceVersionDate "2008.06.24"]
[SourceQuality "1"]

1. e4 c5 2. Nf3 Nc6 3. d4 cxd4 4. Nxd4 Nf6 5. Nc3 e5 6. Ndb5 d6 7. Nd5 Nxd5 8. exd5 Nb8 9. Qd3 a6 10. Qa3 b6 11. Bd3 Be7 12. Bg5 f6 13. Be3 0-0 14. Nc3 Nd7 15. 0-0 f5 16. f4 Bb7 17. Qb4 e4 18. Be2 Qc7 19. Rfd1 Rfc8 20. a4 Bf6 21. Bd4 a5 22. Qb3 Bxd4+ 23. Rxd4 Nc5 24. Qa3 Qe7 25. Nd1 Ba6 26. Rd2 Qh4 27. Ne3 Bxe2 28. Rxe2 Qf6 29. Rf1 Rab8 30. Qa1 Qf7 31. b3 b5 32. axb5 Rxb5 33. g4 fxg4 34. Nxg4 Kh8 35. f5 Nd7 36. Rxe4 Rxd5 37. Ne3 Rb5 38. Re6 Re8 39. Qa4 Re5 40. Rxd6 Nc5 41. Qc6 Rxe3 42. Qxc5 Qh5 43. Rd2 Re1 44. Rdf2 Rxf1+ 45. Rxf1 Qg4+ 46. Kh1 Qe4+ 1/2-1/2